| 000 | 04955 ab a2200865 4500 | ||
|---|---|---|---|
| 003 | AR-RoUNA | ||
| 008 | 140529|||||||||spa||||| |||| 0|||| d | ||
| 022 | _a0213487X | ||
| 040 |
_aAR-RoUNA _bspa |
||
| 041 |
_aspa _aeng |
||
| 044 | _asp | ||
| 100 | 1 |
_aFernández-Galiano, Luis _edir. ed. _95379 |
|
| 245 |
_aAV Monografías _n Nº253/254 _b: España 2023 |
||
| 260 |
_aMadrid : _bArquitectura Viva SL, _c1985 |
||
| 300 |
_a216 p. : _bplantas _bplanos _c30x22 cm |
||
| 505 | 0 | _tESPAÑA 2023 | |
| 505 | 0 | _aBALANCE DEL AÑO | |
| 505 | 0 | _aLuis Fernández-Galiano / Bajo el signo de Marte. p. 4 | |
| 505 | 0 | _aInvierno / Ucronías de Ucrania. p. 8 | |
| 505 | 0 | _aPrimavera / El problema no es el clima. p. 12 | |
| 505 | 0 | _aVerano / El este está al Sur. p. 16 | |
| 505 | 0 | _aOtoño / Té para todos. p. 20 | |
| 505 | 0 | _t2022, una antología | |
| 505 | 0 | _tRescate patrimonial | |
| 505 | 0 | _aFoster+Partners / Edificio Ombú para Acciona, Madrid. p. 34 | |
| 505 | 0 | _aTunón y Albornoz / Casa Palacio Paredes-Saavedra Cáceres. p. 42 | |
| 505 | 0 | _aIgnacio Laguillo / Ayuntamiento, Fuentes de Andalucía, Sevilla. p. 50 | |
| 505 | 0 | _aJunquera Arquitectos / Fundación Ortega y Gasset-Marañon, Madrid. p. 56 | |
| 505 | 0 | _tESTRATEGIAS ENERGÉTICAS | |
| 505 | 0 | _aRCR, arqs / Nueva Bodega Perelada, Perelada ( Gerona). p. 66 | |
| 505 | 0 | _aIDOM / Bodega Beronia, Ollauri, La Rioja. p. 74 | |
| 505 | 0 | _aBatlleiroig / Oficinas Entegra, Barcelona. p. 80 | |
| 505 | 0 | _aHaz Arqs / Centro Comunitario Trinitata Vella, Barcelona. p. 86 | |
| 505 | 0 | _tENSEÑANZA SUPERIOR | |
| 505 | 0 | _aNieto Sobejano Arqs / Facultad de Humanidades del CEU, Madrid. p. 96 | |
| 505 | 0 | _aAlcolea+Tárrago - Roberto Ercilla / Pabellón de Gobierno y Paraninfo UMA, Málaga. p. 104 | |
| 505 | 0 | _aEstudio Primitivo González, e.G.a / Escuela de Arte, Valladolid. p. 110 | |
| 505 | 0 | _aArias Garrido Arqs. / Casa de la Música y el Teatro, Arroyo, Valladolid. p. 116 | |
| 505 | 0 | _tENTORNO URBANO | |
| 505 | 0 | _aNexo Arqs + Gutiérrez de la Fuente arqs.+Andrés Perea / Centro Integral del transporte de Metro, Madrid. p. 124 | |
| 505 | 0 | _aSUMA Arqs / Biblioteca Gabriel García Marquez, Barcelona. p. 132 | |
| 505 | 0 | _aMatos Castillo - Montenegro - Gelabert / Biblioteca y teatro municipal, Boadilla, Madrid. p. 140 | |
| 505 | 0 | _aBAAS arqs. AIS / CAP Cotet, Premiá de Dalt, Barcelona. p. 148 | |
| 505 | 0 | _tENSAYOS PEDAGÓGICOS | |
| 505 | 0 | _aAndrés Jaque / Office for policial innovation / Colegio Reggio, Madrid. p. 156 | |
| 505 | 0 | _aMagén Arqs. / CEIP María Zambrano, Zaragoza. p. 166 | |
| 505 | 0 | _aLluís Jubert-Taller d´arqs. - Ferran Pelegrina i Associats / Escuela Teresa Godes, El Montmell, Tarrragona. p. 172 | |
| 505 | 0 | _aAixopluc+Aulets / Escuelas infantil Moixaina, Llubí, Mallorca. p. 178 | |
| 505 | 0 | _tPROPUESTAS HABITABLES | |
| 505 | 0 | _aOHLAB / Oliver Hernaiz arqs. lab / Viviendas Paseo Mallorca 15, Palma. p. 186 | |
| 505 | 0 | _aCarbajo, Barrios / Cornes Espacio Residencial, Santiago. p. 192 | |
| 505 | 0 | _aBarceló Balanzó / 35 viviendas en Carretera de Ribes, Barcelona. p. 198 | |
| 505 | 0 | _aRipoll Tizon Estudio de Arquitectura / Viviendas sociales, Ibiza, Islas Baleares. p. 204 | |
| 505 | 0 | _tUN AÑO EN EL MUNDO | |
| 505 | 0 | _tLuis Fernández-Galiano / 2022 en doce edificios | |
| 505 | 0 | _aLos cubos y las dubas: topografías del arte. p. 226 - SANA A / Sydney Modern - Atelier Deshaus / Museo de Arte, Sydney | |
| 505 | 0 | _aLos dientes y la esfera: gestos urbanos. p. 227 - Herzog & de Meuron / Royal Collage of Art, Londres - OMA / Centro de Artes, Taipéi | |
| 505 | 0 | _aLa cáscara y la tienda: iconos livianos. p. 228 - Sou Fujimoto / Casa de la Música, Budapest - BIG, Heatherwick / Google Bay View, Montaun View | |
| 505 | 0 | _aLa cinta y el cuenco: recintos del deporte. p. 229 - MAD arqs. / Parque deportivo, Quzhou - Norman Foster / Estadio Lusail, Lusail | |
| 505 | 0 | _aEl castillo y la cueva: experiencias extremas. p. 230 - Andrés Jaque / Colegio Reggio, Madrid - Junya Ishigami * Casa Restaurante, Ube | |
| 505 | 0 | _aLa cruz y la cúpula: espacios sagrados. p. 231 - EMBT / Iglesia de San Giacomo, Ferrara - Mario Cucinella / Fundación Luigi Rovati, Milán | |
| 505 | 0 | _tLos ocho de Focho. p. 232 | |
| 505 | 0 | _tLos premios. p. 234 | |
| 505 | 0 | _tLas pérdidas. p. 238 | |
| 600 | 0 |
_aHerzog, Jacques, _d1950-. _92200 |
|
| 600 | 0 |
_aMeuron, Pierre de, _d1950-. _911070 |
|
| 650 | _2Arquitectura Contemporanea | ||
| 650 | _2Museos | ||
| 651 |
_aSuiza _96157 |
||
| 773 | 0 |
_aAV Monografias = AV Monographs _dMadrid, Avisa 2012 _gnº253/254 (2012) 253 p. _x021-3487X |
|
| 908 | _aImp | ||
| 942 |
_2udc _cART |
||
| 945 |
_aMEM _d2023-12-06 |
||
| 980 |
_6138 _aCarolina Rainero _gCarolina Rainero _8138 |
||
| 999 |
_c12472 _d12472 |
||